000 00678nab a2200193 4500
001 244442
003 OSt
005 20241118100319.0
007 tu
008 200917s2020|||||||
040 _aDE-2950
_cDE-2950
245 0 0 _aGebühren für Winterdienst sollen steigen
_bKalkulation. Für die Straßenreinigung und den Winterdienst in Frankfurt sollen Anlieger im kommenden Jahr mehr zahlen. Ein Grund: die Entwicklung der Energiepreise/
_cThomas Gutke
264 _c2024
653 _aFrankfurt (Oder)
653 _aWinterdienst
653 _aPreiserhöhung
773 0 _g35. Jahrgang (2024) Nr. 259 vom 06.11.2024, S. 13 mit Foto
_tMärkische Oderzeitung
942 _2z
_cA
999 _c373450
_d373450